Des astres, de la vie et des hommes / (Record no. 111792)

MARC details
000 -LEADER
campo de control de longitud fija 01226cam a2200397Ka 4500
001 - NÚMERO DE CONTROL
campo de control 89419
005 - FECHA Y HORA DE LA ÚLTIMA TRANSACCIÓN
campo de control 20230411090047.0
008 - DATOS DE LONGITUD FIJA--INFORMACIÓN GENERAL
campo de control de longitud fija 000107s1975 fr a 001 0 fre d
035 ## - NÚMERO DE CONTROL DEL SISTEMA
Número de control de sistema (OCoLC)ocm43191668
040 ## - FUENTE DE CATALOGACIÓN
Centro catalogador/agencia de origen FAS
Lengua de catalogación fre
Centro/agencia transcriptor FAS
Centro/agencia modificador LVB
-- OCLCQ
-- U9S
-- RUQBL
020 ## - NÚMERO INTERNACIONAL ESTÁNDAR DEL LIBRO
Número Internacional Estándar del Libro 202004238X
020 ## - NÚMERO INTERNACIONAL ESTÁNDAR DEL LIBRO
Número Internacional Estándar del Libro 9782020042383
029 1# - OTRO NÚMERO DE CONTROL DE SISTEMA (OCLC)
Identificador de la biblioteca OCLC ZWZ
Número de control de sistema 000104426
035 ## - NÚMERO DE CONTROL DEL SISTEMA
Número de control de sistema (OCoLC)43191668
055 00 - NÚMEROS DE CLASIFICACIÓN ASIGNADOS EN CANADÁ
Número de clasificación QB 44.2
Número de ítem J39d 1975
082 04 - NÚMERO DE LA CLASIFICACIÓN DECIMAL DEWEY
Número de clasificación 520
Número de edición 21
049 ## - FONDOS LOCALES (OCLC)
Biblioteca depositaria GRAL
100 1# - ENTRADA PRINCIPAL--NOMBRE DE PERSONA
Nombre de persona Jastrow, Robert,
Fechas asociadas al nombre 1925-2008.
245 10 - MENCIÓN DEL TÍTULO
Título Des astres, de la vie et des hommes /
Mención de responsabilidad, etc. Robert Jastrow ; trad. de l'américain par Chantal de Richemont.
260 ## - PUBLICACIÓN, DISTRIBUCIÓN, ETC.
Lugar de publicación, distribución, etc. [Paris] :
Nombre del editor, distribuidor, etc. Éditions du Seuil,
Fecha de publicación, distribución, etc. c1975.
300 ## - DESCRIPCIÓN FÍSICA
Extensión 248 p. :
Otras características físicas ill. ;
Dimensiones 18 cm.
440 #0 - MENCIÓN DE SERIE/PUNTO DE ACCESO ADICIONAL--TÍTULO
Título Points.
Nombre de parte o sección de la obra Sciences ;
Designación de volumen o secuencia S2
500 ## - NOTA GENERAL
Nota general Traducido de : Red giants and white dwarfs.
504 ## - NOTA DE BIBLIOGRAFÍA, ETC.
Nota de bibliografía, etc. Index.
650 #7 - PUNTO DE ACCESO ADICIONAL DE MATERIA--TÉRMINO DE MATERIA
Término de materia o nombre geográfico como elemento de entrada Astronomie.
Fuente del encabezamiento o término ram
650 #0 - PUNTO DE ACCESO ADICIONAL DE MATERIA--TÉRMINO DE MATERIA
Término de materia o nombre geográfico como elemento de entrada Astronomy
Subdivisión de forma Popular works.
650 #4 - PUNTO DE ACCESO ADICIONAL DE MATERIA--TÉRMINO DE MATERIA
Término de materia o nombre geográfico como elemento de entrada Astronomía.
650 #7 - PUNTO DE ACCESO ADICIONAL DE MATERIA--TÉRMINO DE MATERIA
Término de materia o nombre geográfico como elemento de entrada Vie (biologie)
Subdivisión general Origines.
Fuente del encabezamiento o término ram
650 #7 - PUNTO DE ACCESO ADICIONAL DE MATERIA--TÉRMINO DE MATERIA
Término de materia o nombre geográfico como elemento de entrada évolution (biologie)
Fuente del encabezamiento o término ram
650 #6 - PUNTO DE ACCESO ADICIONAL DE MATERIA--TÉRMINO DE MATERIA
Término de materia o nombre geográfico como elemento de entrada Astronomie
Subdivisión de forma Ouvrages de vulgarisation.
650 #6 - PUNTO DE ACCESO ADICIONAL DE MATERIA--TÉRMINO DE MATERIA
Término de materia o nombre geográfico como elemento de entrada Vie
Subdivisión general Origines.
700 1# - ENTRADA AGREGADA--NOMBRE PERSONAL
Nombre de persona Richemont, Chantal de,
Término indicativo de función/relación trad.
942 ## - ELEMENTOS DE ENTRADA SECUNDARIOS (KOHA)
Fuente del sistema de clasificación o colocación Clasificación de Library of Congress
Tipo de ítem Koha
994 ## -
-- C0
-- DRFGD
946 ## - PROCESAMIENTO DE INFORMACIÓN LOCAL (OCLC)
a lrm
Holdings
Estatus retirado Estado de pérdida Fuente del sistema de clasificación o colocación Estado de daño No para préstamo Colección Biblioteca de origen Biblioteca actual Ubicación en estantería Fecha de adquisición Código de barras Visto por última vez Copia número Tipo de ítem Koha
    Clasificación de Library of Congress     Automatización y Procesos Técnicos Biblioteca Juan Bosch Biblioteca Juan Bosch Automatización y Procesos Técnicos (1er. Piso) 11/04/2023 00000078053 17/02/2019 1